Φορτώνει......
Universal guide to judical service examination Criminal Law, 3rd ed
| Κύριος συγγραφέας: |
|---|
| LEADER | 00219 a2200097 4500 | ||
|---|---|---|---|
| 020 | |||
| 260 | |||
| 942 | |c BB |6 _ | ||
| 245 | |a Universal guide to judical service examination Criminal Law, 3rd ed | ||
| 100 | |a Gupta Vinay | ||
| 999 | |c 57634 |d 57634 | ||